<?xml version="1.0" encoding="UTF-8"?>
<record
    xmlns:xsi="http://www.w3.org/2001/XMLSchema-instance"
    xsi:schemaLocation="http://www.loc.gov/MARC21/slim http://www.loc.gov/standards/marcxml/schema/MARC21slim.xsd"
    xmlns="http://www.loc.gov/MARC21/slim">

  <leader>00749    a2200205   4500</leader>
  <datafield tag="999" ind1=" " ind2=" ">
    <subfield code="c">25778</subfield>
    <subfield code="d">25778</subfield>
  </datafield>
  <controlfield tag="008">090314t        xxu||||| |||| 00| 0 eng d</controlfield>
  <datafield tag="010" ind1=" " ind2=" ">
    <subfield code="a">B-284466</subfield>
  </datafield>
  <datafield tag="020" ind1=" " ind2=" ">
    <subfield code="c">130.00</subfield>
    <subfield code="a">8186622578</subfield>
  </datafield>
  <datafield tag="035" ind1=" " ind2=" ">
    <subfield code="a">B-284466B-213105,B-213120</subfield>
  </datafield>
  <datafield tag="037" ind1=" " ind2=" ">
    <subfield code="b">Pansy Books</subfield>
  </datafield>
  <datafield tag="040" ind1=" " ind2=" ">
    <subfield code="a">dpl</subfield>
    <subfield code="b">English</subfield>
  </datafield>
  <datafield tag="082" ind1=" " ind2=" ">
    <subfield code="a">N</subfield>
  </datafield>
  <datafield tag="100" ind1=" " ind2=" ">
    <subfield code="a">Sreekumari</subfield>
  </datafield>
  <datafield tag="245" ind1=" " ind2=" ">
    <subfield code="a">Beyond the final episode /</subfield>
    <subfield code="c">by Sreekumari</subfield>
  </datafield>
  <datafield tag="260" ind1=" " ind2=" ">
    <subfield code="a">New Delhi</subfield>
    <subfield code="b">Harman Publishing House</subfield>
    <subfield code="c">2002</subfield>
  </datafield>
  <datafield tag="270" ind1=" " ind2=" ">
    <subfield code="b">Delhi</subfield>
    <subfield code="a">A-23, Naraina Industrial Area, Phase II, Naraina</subfield>
    <subfield code="e">110028</subfield>
    <subfield code="k">5895503</subfield>
  </datafield>
  <datafield tag="300" ind1=" " ind2=" ">
    <subfield code="a">x. 109p.</subfield>
    <subfield code="c">21cm. (pbk)</subfield>
  </datafield>
  <datafield tag="942" ind1=" " ind2=" ">
    <subfield code="a">dpl</subfield>
    <subfield code="c">EN</subfield>
    <subfield code="2">ddc</subfield>
    <subfield code="h">N</subfield>
    <subfield code="m">SRE</subfield>
  </datafield>
  <datafield tag="952" ind1=" " ind2=" ">
    <subfield code="0">0</subfield>
    <subfield code="1">0</subfield>
    <subfield code="2">ddc</subfield>
    <subfield code="4">0</subfield>
    <subfield code="7">0</subfield>
    <subfield code="8">FIC</subfield>
    <subfield code="a">VP</subfield>
    <subfield code="b">VP</subfield>
    <subfield code="d">2009-04-17</subfield>
    <subfield code="e">Pansy/782/5.8.08/184/21.7.08/13.8.08</subfield>
    <subfield code="g">130.00</subfield>
    <subfield code="l">6</subfield>
    <subfield code="o">N SRE</subfield>
    <subfield code="p">B-284466</subfield>
    <subfield code="r">2013-01-24 00:00:00</subfield>
    <subfield code="s">2013-01-10</subfield>
    <subfield code="t">104.00</subfield>
    <subfield code="v">130.00</subfield>
    <subfield code="w">2009-04-17</subfield>
    <subfield code="y">EN</subfield>
  </datafield>
  <datafield tag="952" ind1=" " ind2=" ">
    <subfield code="0">0</subfield>
    <subfield code="1">0</subfield>
    <subfield code="2">ddc</subfield>
    <subfield code="4">0</subfield>
    <subfield code="7">0</subfield>
    <subfield code="8">NFIC</subfield>
    <subfield code="a">TN</subfield>
    <subfield code="b">TN</subfield>
    <subfield code="d">2018-07-27</subfield>
    <subfield code="e">BPPD/pub</subfield>
    <subfield code="g">130.00</subfield>
    <subfield code="l">1</subfield>
    <subfield code="o">N SRE</subfield>
    <subfield code="p">B-213105</subfield>
    <subfield code="r">2019-03-14 00:00:00</subfield>
    <subfield code="s">2019-02-25</subfield>
    <subfield code="v">13.00</subfield>
    <subfield code="w">2018-07-27</subfield>
    <subfield code="y">EN</subfield>
  </datafield>
  <datafield tag="952" ind1=" " ind2=" ">
    <subfield code="0">0</subfield>
    <subfield code="1">0</subfield>
    <subfield code="2">ddc</subfield>
    <subfield code="4">0</subfield>
    <subfield code="7">0</subfield>
    <subfield code="8">FIC</subfield>
    <subfield code="a">VV</subfield>
    <subfield code="b">VV</subfield>
    <subfield code="d">2019-03-05</subfield>
    <subfield code="e">BPPD/PUB</subfield>
    <subfield code="g">130.00</subfield>
    <subfield code="l">0</subfield>
    <subfield code="o">N SRE</subfield>
    <subfield code="p">B-213120</subfield>
    <subfield code="r">2019-03-05 00:00:00</subfield>
    <subfield code="v">130.00</subfield>
    <subfield code="w">2019-03-05</subfield>
    <subfield code="y">EN</subfield>
  </datafield>
</record>
